| 000 | 00836nam a22002057a 4500 | ||
|---|---|---|---|
| 005 | 20230328055717.0 | ||
| 008 | 230328b |||||||| |||| 00| 0 eng d | ||
| 020 | _a0-690-26371-6 | ||
| 082 | _aFic. H382 1987 | ||
| 100 |
_aHautzig, Esther _eauthor |
||
| 245 |
_aThe endless steppe: _bgrowing up in Siberia / _cEsther Hautzig |
||
| 260 |
_aNew York: _bHarper Keypoint Books, _cc1987 |
||
| 300 | _a[245]p. | ||
| 541 | _e5487 | ||
| 600 | _aHautzig, Esther - 1930-2009 - Childhood and youth - Juvenile fiction | ||
| 650 | _aAuthors, American - 20th century - Biography - Juvenile fiction | ||
| 650 | _aExiles - Russia (Federation) - Siberia - History - Juvenile fiction | ||
| 650 | _aSiberia (Russia) - Social life and customs - Juvenile literature | ||
| 650 | _aPolish people - Russia (Federation) - Siberia - History - Juvenile fiction | ||
| 999 |
_c2018 _d2018 |
||